Houilles - Statistiques

Statistiques générales
  • Ce quiz a été pris 77 fois
  • Le résultat moyen est 9 sur 15
Statistiques - réponses
Question Réponse % Correct
Dans quel département se situe la ville de Houilles? Yvelines (78)
100%
Quel célèbre personnage est né à Houilles? Victor Schoelcher
83%
Comment s'appelle le "célèbre" musée de Houilles? La Graineterie
79%
Comment appelle-t-on les habitants des Houilles? les ovillois
79%
Qui est le maire actuel de Houilles (2024)? Julien Chambon
75%
Quel est le plus grand parc de Houilles? Le parc Charles de Gaulle
71%
Comment se nomme le club de football de Houilles? Le HAC
67%
Combien de cours d'eau traverse la commune de Houilles? 0
63%
Combien de commerçants compte le marché de Houilles? 160
58%
En quelle année le tour de France est-il passé à Houilles? 2018
58%
Combien y-a-t 'il d'habitants à Houilles? Entre 30 000 et 40 000
58%
Combien de visiteurs accueille la brocante de Houilles chaque année? 300 000
38%
Est ce que ce quizz vous a plu? Enormément
33%
En quelle année la gare de Houilles a t-elle ouvert? 1802
21%
En quelle année ce club a-t-il été créé? 1913
8%
Aucun quiz correspondant
Distribution des résultats
% des personnes avec chaque résultat
Percentile par nombre de réponses
Votre historique - résultats
Vous n’avez pas pris ce quiz